Регионална библиотека "Любен Каравелов" - Русе

Когато гледаме картини (Запис номер 46001)

MARC детайли
000 -Лидер
Контролно поле с фиксирана дължина nam a22 a 4500
003 - Код на организацията, давaща контролен номер
Контролно поле BLK
005 - Дата и час на последна редакция
Контролно поле 20230421093510.0
008 - Елементи от данни с фиксирана дължина
fixed length control field 180408b bul|||||r ||||||| ||bul||
010 ## - Наследен системен номер
LC control number KNG00049803000
040 ## - Източник на каталожния запис
Идентификатор на билиотеката - собственик на записа BLK
041 ## - Код за език
Код за езика на текст/звукозапис или на отделно заглавие Български
Код за езика КДБФ Български
080 ## - УДК
Текстов определител УДК Живопис
УДК код - определител по УДК 75
УДК - код + определител 75
100 1# - Редна дума - Автор
Автор Кларк, Кенет Маккензи
Авторска отговорност първи автор
R(LIN) 280579
139 ## - Редно поле
Редна дума Кларк, Кенет Маккензи
Авторски знак Кла - К 63
245 10 - Сведения за заглавието
Заглавие Когато гледаме картини
Подзаглавни данни Анализи на шедьоври на световната живопис
Редно поле (дума) Кенет Маккензи Кларк; прев. от англ. Никола Георгиев, Христина Атанасова.
257 ## - Страна на издаване
Страна на създаване/издаване Великобритания
260 ## - Област на издателските данни
Място на издаване, разпространение и проч. София
Име на издателя, разпространителя и проч. Бълг. художник
Година на издаване 1981
300 ## - Физическа характеристика
Страници 111 с
Илюстрации и др. 40 л. репрод.
Размери/Мащаб 20 см
380 ## - Жанр
Жанр Изкуство
490 ## - СЕРИИ (Колекции)
Име на серия Научнопопулярна серия Изкуството и ние
9 (RLIN) 204757
500 ## - Общи забележки
Забележка Ориг. загл. Looking at Pictures / Kenneth Clark.<br/>Съд. анализ на 16 знаменити шедьовъра на световната живопис: Тициан. Полагане в гроба, Веласкес. Менини, Рогир ван дер Вейден. Снемане от кръста, Дьолакроал Влизане на кръстоносците в Константинопол, Рафаел. Чудният улов на риба, Ватол Фирмата на Жерсен, Ел Греко. Есполио (Събличане Христово), Вермер ван Делфит. Художник в ателието си, Констабъл. Етюд за "Скачащ кон", Гоя. Трети май 1808 година, Сьора. Къпане в Аниер. Търнър. Снежна буря. Леонардо да Винчи. Богородица със дв. Ана, Курбе. Ателието на художника, Ботичели. Рождество Христово, Рембранд. Автопортрет.<br/>
650 #4 - Допълнително описание по предмет – тема
Основно описание – тема или топоним Живопис
9 (RLIN) 155358
653 ## - Ключова дума – ненормативна
Ключова дума живопис
653 #7 - Ключова дума – ненормативна
Ключова дума Веласкес
9 (RLIN) 183019
653 #7 - Ключова дума – ненормативна
Ключова дума Тициан
9 (RLIN) 198373
653 #7 - Ключова дума – ненормативна
Ключова дума Рафаело
9 (RLIN) 195301
653 #7 - Ключова дума – ненормативна
Ключова дума Франсиско Гоя
9 (RLIN) 199529
653 #7 - Ключова дума – ненормативна
Ключова дума Рембранд
9 (RLIN) 195464
653 #7 - Ключова дума – ненормативна
Ключова дума Ботичели
9 (RLIN) 182347
653 #7 - Ключова дума – ненормативна
Ключова дума Леонардо да Винчи
9 (RLIN) 189809
700 1# - Други автори (авторска отговорност)
Лично име Георгиев, Никола
Автороска отговорност (Описва отношението между автора и произведението) прев. от англ.
Друга информация Андреев, Никола Георгиев
9 (RLIN) 364530
700 1# - Други автори (авторска отговорност)
Лично име Атанасова, Христина
Автороска отговорност (Описва отношението между автора и произведението) прев. от англ.
9 (RLIN) 280580
852 ## - Местоположение
Форматна сигнатура Цб 110117
856 4# - Електронен адрес и достъп
Електронен формат pdf - файл
Инструкция (цена за достъп) 0.00
Права за достъп disable
856 4# - Електронен адрес и достъп
Електронен формат pdf - файл
Инструкция (цена за достъп) 0.00
Права за достъп disable
999 ## - СИСТЕМНИ КОНТРОЛНИ НОМЕРА
Koha biblionumber 46001
Koha biblioitemnumber 46001
942 ## - АРТИКУЛИ
Вид на библиотечния материал Книги
Скрит в OPAC Не
Koha issues (borrowed), all copies 1
Периодичен библиозапис Да
944 ## - СЪЗДАВАНЕ И РЕДАКЦИЯ на ЗАПИСА
Създаване/Редакция Създаване
Дата на регистрацията/редакция 04.05.2005
Служител, извършил регистрацията/редакцията Цветанка_Енчева
944 ## - СЪЗДАВАНЕ И РЕДАКЦИЯ на ЗАПИСА
Създаване/Редакция Редакция
Дата на регистрацията/редакция 02.06.2017
Служител, извършил регистрацията/редакцията Ирена_Линкова
999 ## - СИСТЕМНИ КОНТРОЛНИ НОМЕРА
Koha biblioitemnumber 46001
999 ## - СИСТЕМНИ КОНТРОЛНИ НОМЕРА
Koha biblioitemnumber 46001
999 ## - СИСТЕМНИ КОНТРОЛНИ НОМЕРА
Koha biblioitemnumber 46001
999 ## - СИСТЕМНИ КОНТРОЛНИ НОМЕРА
Koha biblioitemnumber 46001
999 ## - СИСТЕМНИ КОНТРОЛНИ НОМЕРА
Koha biblioitemnumber 46001
Наличности
Код за отписване Код за изгубен артикул Източник на класификационната схема Код за повреда Коз за рестрикции Код за отдаване Артикулен № Име на библиотеката - собственик Име на библиотеката, в която се намира в момента Статус (Текущо местоположение) Дата на вписване в системата Местоположение - отдел Цена в лева Инвентарен номер Систематично азбучна сигнатура Баркод Номер на екземпляра Цена в евро Служебна бележка Служебен тип на артикула
  Не е изгубен Universal Decimal Classification Не е повреден без рестрикции заемане за дома 72523 Регионална библиотека "Любен Каравелов" Русе Регионална библиотека "Любен Каравелов" Русе Отдел Изкуство - подръчен фонд 2005-05-04 Отдел Изкуство - подръчен фонд 2.50 120000693752 75/К 63 120000693752 1 1.28 Дост: DA Вид: А N: 12 Дата: 03.05.2005 Дата инв: 13.02.2015 Бележки инв: ИП2015 Книги
  Не е изгубен Universal Decimal Classification Не е повреден само за читалня ползва се в читалня 72524 Регионална библиотека "Любен Каравелов" Русе Регионална библиотека "Любен Каравелов" Русе Хранилище 2001-01-01 Хранилище 2.52 334245 Цб 110117 120000334245 2 1.29 Дост: Dp Вид: Д N: стар фонд Дата: 01.01.2001 Книги
Изтеглен Не е изгубен Universal Decimal Classification Не е повреден без рестрикции заемане за дома 72525 Регионална библиотека "Любен Каравелов" Русе Регионална библиотека "Любен Каравелов" Русе Отдел Изкуство - подръчен фонд 2001-01-01 Отдел Изкуство - подръчен фонд 2.52 333327 75/К 63 333327 3 1.29 Дост: Pk Вид: Ф N: стар фонд Дата: 01.01.2001 Дата инв: 07.06.2012 Бележки инв: * Книги
Изтеглен Не е изгубен Universal Decimal Classification Не е повреден без рестрикции заемане за дома 72526 Регионална библиотека "Любен Каравелов" Русе Регионална библиотека "Любен Каравелов" Русе Отдел Изкуство - подръчен фонд 2001-01-01 Отдел Изкуство - подръчен фонд 0.18 613693 75/К 63 613693 4 0.09 Дост: Pk Вид: Ф N: стар фонд Дата: 01.01.2001 Дата инв: 13.02.2015 Бележки инв: ИП2015 Книги
Изтеглен Не е изгубен Universal Decimal Classification Не е повреден без рестрикции заемане за дома 72527 Регионална библиотека "Любен Каравелов" Русе Регионална библиотека "Любен Каравелов" Русе Отдел Изкуство - подръчен фонд 2001-01-01 Отдел Изкуство - подръчен фонд 2.52 625746 75/К 63 625746 5 1.29 Дост: Pk Вид: Ф N: стар фонд Дата: 01.01.2001 Дата инв: 13.02.2015 Бележки инв: ИП2015 Книги
Изтеглен Не е изгубен Universal Decimal Classification Не е повреден без рестрикции заемане за дома 72528 Регионална библиотека "Любен Каравелов" Русе Регионална библиотека "Любен Каравелов" Русе Отдел Изкуство - подръчен фонд 2001-01-01 Отдел Изкуство - подръчен фонд 2.80 643389 75/К 63 643389 6 1.43 Дост: Pk Вид: Ф N: стар фонд Дата: 01.01.2001 Дата инв: 13.02.2015 Бележки инв: ИП2015 Книги
  Не е изгубен Universal Decimal Classification Не е повреден без рестрикции заемане за дома 72529 Регионална библиотека "Любен Каравелов" Русе Регионална библиотека "Любен Каравелов" Русе Отдел Изкуство - подръчен фонд 2017-05-11 Отдел Изкуство - подръчен фонд 9.00 120000810662 75/К 63 120000810662 7 4.60 Дост: DA Вид: А N: 20 Дата: 11.05.2017 Дата инв: 13.02.2015 Бележки инв: ИП2015 Книги
Vip Innovations Ltd, Rousse, Bulgaria 2025